<Die> Warschauer Börse.

Prechod Poľska na trhové hospodárstvo a pokles tempa inflácie od r. 1989. Ekonomické prostredie vývoja poľského hospodárstva v podmienkach transformácie a privatizácie. Rekonštrukcia burzy cenných papierov vo Varšave v r. 1991. Obchod na varšavskej burze a vybavovanie zakázok. Vývinové tendencie var...

Descripción completa

Guardado en:
Detalles Bibliográficos
Autor principal: Kohlhoff, H.
Otros Autores: Skorulski, J.
Formato: Capítulo de libro
Lenguaje:alemán
Materias:
Etiquetas: Agregar Etiqueta
Sin Etiquetas, Sea el primero en etiquetar este registro!

MARC

LEADER 00000naa a2200000 4500
001 r006497
005 20221130103549.3
041 0 |a ger 
044 |a DE 
245 1 0 |a <Die> Warschauer Börse.  |c H. Kohlhoff, J. Skorulski 
520 |a Prechod Poľska na trhové hospodárstvo a pokles tempa inflácie od r. 1989. Ekonomické prostredie vývoja poľského hospodárstva v podmienkach transformácie a privatizácie. Rekonštrukcia burzy cenných papierov vo Varšave v r. 1991. Obchod na varšavskej burze a vybavovanie zakázok. Vývinové tendencie varšavskej burzy. 
610 2 0 |a burzy 
610 2 0 |a PR 
610 2 0 |a papiere cenné 
100 1 |a Kohlhoff, H. 
700 1 |a Skorulski, J.